<?xml version="1.0" encoding="UTF-8"?><?xml-stylesheet type="text/xsl" href="static/style.xsl"?><OAI-PMH xmlns="http://www.openarchives.org/OAI/2.0/" xmlns:xsi="http://www.w3.org/2001/XMLSchema-instance" xsi:schemaLocation="http://www.openarchives.org/OAI/2.0/ http://www.openarchives.org/OAI/2.0/OAI-PMH.xsd"><responseDate>2026-05-16T22:13:00Z</responseDate><request verb="GetRecord" identifier="oai:repisalud.isciii.es:20.500.12105/17520" metadataPrefix="marc">https://repisalud.isciii.es/rest/oai/request</request><GetRecord><record><header><identifier>oai:repisalud.isciii.es:20.500.12105/17520</identifier><datestamp>2024-10-31T11:50:13Z</datestamp><setSpec>com_20.500.12105_2173</setSpec><setSpec>com_20.500.12105_2051</setSpec><setSpec>col_20.500.12105_19597</setSpec></header><metadata><record xmlns="http://www.loc.gov/MARC21/slim" xmlns:dcterms="http://purl.org/dc/terms/" xmlns:doc="http://www.lyncode.com/xoai" xmlns:xsi="http://www.w3.org/2001/XMLSchema-instance" xsi:schemaLocation="http://www.loc.gov/MARC21/slim http://www.loc.gov/standards/marcxml/schema/MARC21slim.xsd">
   <leader>00925njm 22002777a 4500</leader>
   <datafield ind2=" " ind1=" " tag="042">
      <subfield code="a">dc</subfield>
   </datafield>
   <datafield ind2=" " ind1=" " tag="720">
      <subfield code="a">Rodríguez-Antona, C</subfield>
      <subfield code="e">author</subfield>
   </datafield>
   <datafield ind2=" " ind1=" " tag="720">
      <subfield code="a">Bort, R</subfield>
      <subfield code="e">author</subfield>
   </datafield>
   <datafield ind2=" " ind1=" " tag="720">
      <subfield code="a">Jover, R</subfield>
      <subfield code="e">author</subfield>
   </datafield>
   <datafield ind2=" " ind1=" " tag="720">
      <subfield code="a">Tindberg, N</subfield>
      <subfield code="e">author</subfield>
   </datafield>
   <datafield ind2=" " ind1=" " tag="720">
      <subfield code="a">Ingelman-Sundberg, M</subfield>
      <subfield code="e">author</subfield>
   </datafield>
   <datafield ind2=" " ind1=" " tag="720">
      <subfield code="a">Gómez-Lechón, M J</subfield>
      <subfield code="e">author</subfield>
   </datafield>
   <datafield ind2=" " ind1=" " tag="720">
      <subfield code="a">Castell, J V</subfield>
      <subfield code="e">author</subfield>
   </datafield>
   <datafield ind2=" " ind1=" " tag="260">
      <subfield code="c">2003-05</subfield>
   </datafield>
   <datafield ind2=" " ind1=" " tag="520">
      <subfield code="a">Cytochrome P450 3A4 (CYP3A4) is involved in the metabolism of more than 50% of currently used therapeutic drugs, yet the mechanisms that control CYP3A4 basal expression in liver are poorly understood. Several putative binding sites for CCAAT/enhancer-binding protein (C/EBP) and hepatic nuclear factor 3 (HNF-3) were found by computer analysis in CYP3A4 promoter. The use of reporter gene assays, electrophoretic mobility shift assays, and site-directed mutagenesis revealed that one proximal and two distal C/EBP alpha binding sites are essential sites for the trans-activation of CYP3A4 promoter. No trans-activation was found in similar reporter gene experiments with a HNF-3 gamma expression vector. The relevance of these findings was further explored in the more complex DNA/chromatin structure within endogenous CYP3A4 gene. Using appropriate adenoviral expression vectors, we found that both hepatic and nonhepatic cells overexpressing C/EBP alpha had increased CYP3A4 mRNA levels, but no effect was observed when HNF-3 gamma was overexpressed. In contrast, overexpression of HNF-3 gamma simultaneously with C/EBP alpha resulted in a greater activation of the CYP3A4 gene. This cooperative effect was hepatic-specific and also occurred in CYP3A5 and CYP3A7 genes. To investigate the mechanism for HNF-3 gamma action, we studied its binding to CYP3A4 promoter and the effect of the deacetylase inhibitor trichostatin A. HNF-3 gamma was able to bind CYP3A4 promoter at a distal position, near the most distal C/EBP alpha binding site. Trichostatin A increased C/EBP alpha effect but abolished HNF-3 gamma cooperative action. These findings revealed that C/EBP alpha and HNF-3 gamma cooperatively regulate CYP3A4 expression in hepatic cells by a mechanism that probably involves chromatin remodeling.</subfield>
   </datafield>
   <datafield ind1="8" ind2=" " tag="024">
      <subfield code="a">Mol Pharmacol  . 2003;63(5):1180-9.</subfield>
   </datafield>
   <datafield ind1="8" ind2=" " tag="024">
      <subfield code="a">10.1124/mol.63.5.1180</subfield>
   </datafield>
   <datafield ind1="8" ind2=" " tag="024">
      <subfield code="a">0026-895X</subfield>
   </datafield>
   <datafield ind1="8" ind2=" " tag="024">
      <subfield code="a">Molecular pharmacology</subfield>
   </datafield>
   <datafield ind1="8" ind2=" " tag="024">
      <subfield code="a">12695546</subfield>
   </datafield>
   <datafield ind1="8" ind2=" " tag="024">
      <subfield code="a">http://hdl.handle.net/20.500.12105/17520</subfield>
   </datafield>
   <datafield ind2="0" ind1="0" tag="245">
      <subfield code="a">Transcriptional regulation of human CYP3A4 basal expression by CCAAT enhancer-binding protein alpha and hepatocyte nuclear factor-3 gamma.</subfield>
   </datafield>
</record></metadata></record></GetRecord></OAI-PMH>